Chromosome atlas of flowering plants (Record no. 348396)

MARC details
000 -LEADER
fixed length control field 004180000a22001570004500
005 - DATE AND TIME OF LATEST TRANSACTION
control field 20250903140806.0
082 ## - DEWEY DECIMAL CLASSIFICATION NUMBER
Classification number 582.130 487 322 DAR
100 ## - MAIN ENTRY--PERSONAL NAME
Personal name Darlington, C D
100 ## - MAIN ENTRY--PERSONAL NAME
Personal name Wylie, A P
245 ## - TITLE STATEMENT
Title Chromosome atlas of flowering plants
260 ## - PUBLICATION, DISTRIBUTION, ETC. (IMPRINT)
Place of publication, distribution, etc. London, George Allen & Unwin Ltd
260 ## - PUBLICATION, DISTRIBUTION, ETC. (IMPRINT)
Date of publication, distribution, etc. 1945
300 ## - PHYSICAL DESCRIPTION
Extent 519
650 ## - SUBJECT ADDED ENTRY--TOPICAL TERM
Topical term or geographic name as entry element Flowering plants- Chromosomes/ Genetics- Flowering plants
942 ## - ADDED ENTRY ELEMENTS (KOHA)
Koha item type Books (General)
Holdings
Withdrawn status Lost status Source of classification or shelving scheme Damaged status Not for loan Collection code Home library Current library Shelving location Date acquired Total Checkouts Full call number Barcode Date last seen Price effective from Koha item type
    Dewey Decimal Classification     Reference Book College of Agriculture, Vellayani College of Agriculture, Vellayani Reference 02/05/2014   582.130 487 322 DAR KAU_COAV-4860 02/05/2014 02/05/2014 Reference Book
    Dewey Decimal Classification     Reference Book College of Agriculture, Vellayani College of Agriculture, Vellayani Reference 05/05/2025   582.130 487 322 DAR KAU_COAV-3828 05/05/2025 05/05/2025 Reference Book
        Not For Loan Reference Book College of Agriculture, Vellayani College of Agriculture, Vellayani Reference 02/07/2025   582.130 487 322 DAR;1 KAU_COAV-1942 02/07/2025 02/07/2025 Reference Book
Kerala Agricultural University Central Library
Thrissur-(Dt.), Kerala Pin:- 680656, India
Ph : (+91)(487) 2372219
E-mail: librarian@kau.in
Website: http://library.kau.in/